| 000 | 00362nam a22001577a 4500 | ||
|---|---|---|---|
| 003 | SGT | ||
| 020 | _a978-93-5143-939-4 | ||
| 082 |
_a614.1 _bM17M |
||
| 100 | _aMODI, JAISING P. | ||
| 245 | _aMODI A TB. OF MEDICAL JURISPRUDENCE AND TOXICOLOGY | ||
| 250 | _a25TH | ||
| 260 |
_aINDIA _bLEXIS NESIS _c2017 |
||
| 300 | _a1073 | ||
| 650 | _aFMT | ||
| 942 |
_2ddc _cBK |
||
| 999 |
_c15873 _d15873 |
||